Statistics for Houston Rockets Triple Double

Click here to take the quiz!

General Stats

  • This quiz has been taken 10 times
  • The average score is 7 of 24

Answer Stats

Player Nb Last % Correct
James Harden462020
100%
Hakeem Olajuwon141997
90%
Russell Westbrook82020
80%
Chris Paul22018
70%
Tracy McGrady22008
50%
Steve Francis62003
50%
Clyde Drexler71997
50%
Trevor Ariza12010
40%
Charles Barkley21997
40%
Ralph Sampson11983
30%
Cedric Maxwell11988
30%
Art Williams41970
20%
Otis Thorpe31992
20%
Scottie Pippen21999
20%
Elvin Hayes21984
20%
Chuck Hayes12011
20%
Sleepy Floyd11987
10%
Ed Ratleff11974
0%
Rodney McCray21987
0%
Goran Dragić12011
0%
Jeremy Lin12014
0%
Lewis Lloyd21986
0%
Kyle Lowry22012
0%
Jim Barnett11969
0%

Score Distribution

Percentile by Number Answered

Percent of People with Each Score

Your Score History

You have not taken this quiz